[Event "Ljubljana op"]
[Site "Ljubljana"]
[Date "2024.04.27"]
[Round "1"]
[White "Kardell, Mathias"]
[Black "Usaj, Benjamin"]
[Result "1-0"]
[WhiteElo "2038"]
[BlackElo "1436"]
[PlyCount "97"]
[EventDate "2024.04.27"]
[EventType "swiss"]
[EventRounds "9"]
[EventCountry "SLO"]
[SourceTitle "CBM 220 Extra"]
[Source "ChessBase"]
[SourceDate "2024.07.31"]
[SourceVersion "1"]
[SourceVersionDate "2024.07.31"]
[SourceQuality "1"]

1. e4 e5 2. Nf3 Nf6 3. Nxe5 d6 4. Nf3 Nxe4 5. Be2 Be7 6. d3 Nf6 7. Nc3 Nc6 8. 0-0 0-0 9. d4 d5 10. Bf4 Bd6 11. Bg5 Be6 12. Re1 h6 13. Bh4 Be7 14. Bb5 Qd6 15. Bg3 Qd7 16. Ne5 Qe8 17. Qd3 Nxe5 18. dxe5 Nd7 19. f4 Nc5 20. Bxe8 Nxd3 21. Bxf7+ Rxf7 22. cxd3 Bb4 23. Rec1 c6 24. Ne2 Bf5 25. d4 Bd2 26. Rd1 Bb4 27. a3 Be7 28. h3 Raf8 29. Bf2 g5 30. g4 Be4 31. f5 h5 32. Ng3 Bc2 33. Rd2 Bb3 34. Nxh5 Rh7 35. f6 Bd8 36. Be3 Ba5 37. Rf2 Bc7 38. Bxg5 c5 39. e6 cxd4 40. Raf1 Bb6 41. f7+ Kh8 42. Bf6+ Rg7 43. Bxg7+ Kh7 44. Bxf8 d3 45. Bb4 d2 46. Bxd2 Bxf2+ 47. Rxf2 d4 48. f8Q Bxe6 49. Qg7# 1-0

[Event "Vrsar op"]
[Site "Vrsar"]
[Date "2023.04.26"]
[Round "2"]
[White "Damjanovic, Simun"]
[Black "Usaj, Benjamin"]
[Result "1-0"]
[WhiteElo "1773"]
[BlackElo "1019"]
[PlyCount "83"]
[EventDate "2023.04.25"]
[EventType "swiss"]
[EventRounds "9"]
[EventCountry "CRO"]
[SourceTitle "CBM 214 Extra"]
[Source "ChessBase"]
[SourceDate "2023.07.31"]
[SourceVersion "1"]
[SourceVersionDate "2023.07.31"]
[SourceQuality "1"]

1. e4 e5 2. Nf3 Nc6 3. Bc4 Nf6 4. d3 h6 5. c3 d6 6. Nbd2 Be7 7. Nf1 0-0 8. Ng3 Be6 9. Bb3 d5 10. Qe2 Bg4 11. h3 Be6 12. 0-0 dxe4 13. dxe4 a6 14. Rd1 Bd6 15. Bxe6 fxe6 16. c4 Qe7 17. a3 a5 18. b3 Rfd8 19. Bb2 a4 20. b4 Nb8 21. c5 Bxc5 22. Rxd8+ Qxd8 23. bxc5 Na6 24. Qc4 Qe8 25. Nxe5 Rd8 26. c6 Nb8 27. cxb7 Rd6 28. Qxc7 Rd2 29. Rb1 Na6 30. Qb6 Nb8 31. Bc3 Rc2 32. Rd1 Kh7 33. Rd8 Qxd8 34. Qxd8 Na6 35. Bb4 Rc1+ 36. Kh2 Rb1 37. b8Q Nxb8 38. Qxb8 g6 39. Qf8 Nh5 40. Nxh5 gxh5 41. Qf7+ Kh8 42. Ng6# 1-0